000 01039 a2200217 4500
001 23932
005 20260407155525.0
008 260407a2013 arg spa d
003 AR-UNSa-BCEJYS
040 _aAR-UNSa-BCEJYS
_bspa
_cAR-UNSa-BCEJYS
080 _a321.7
_xDemocracia
245 1 0 _a30 años de democracia
_pel desafío de construir calidad institucional 1983-2013
020 _a978-987-698-039-5
264 1 _aSalta :
_bMundo Gráfico Salta
_c2013
300 _a82 p.
_c20 cm.
505 _a1. Reglas expresas y tácitas - 2.¿Qué son las instituciones? - 3. Reglas expresas y tácitas - 4. Función de las reglas 5. Calidad institucional - 6. Cómo medir la calidad institucional - 7. Democracia representativa constitucional vs. democracia delegativa y populismo - 8. Justicia constitucional y democracia
942 _cBK
590 _aniveau_biblio:m niveau_hierar:0
100 1 _aGómez Diez, Ricardo
856 4 1 _uhttps://biblioeco.unsa.edu.ar/pmb/images/libros/30 a?os de Democracias.jpg
_yImagen de portada
_qimage/jpeg
999 _c1143
_d1143